00943nam a2200241 a 4500001001000000003000900010005001700019008004100036040002500077082001700102100003600119245009600155260003400251300002800285500005600313590002600369650004400395710007900439910003700518942001400555952011500569999001700684000025486DO-SdBNP20251212085623.0110217s1999 dr a 001 0 spa d aDO-SdBNPbspacBNPHU a336.2bM766s1 aMontás Yapur, Germania95212810aSistema de información tributaria en la República Dominicana /cGemania Montás Yapur. aSanto Domingo :bDGII,c1999. a61 p. :bil., ;c22 cm. aIncluye bibliografía y notas al pie de páginas. aInventariado, 2018/LP 0aImpuestoszRepública Dominicana9838012aDirección General de Impuestos Internos, (República Dominicana)952129 aValidado. Control de calidad EMS 2ddccLBS1 0010718PDaPDbPDcHDd2011-02-17iLF1l0o336.2 M766sp25486-10r2020-06-25w2020-06-25yLFPDZNo se presta c24978d24978